[Event "World Cup"]
[Site "Khanty-Mansiysk"]
[Date "2007.12.06"]
[Round "5.1"]
[White "Ponomariov, Ruslan"]
[Black "Kamsky, Gata"]
[Result "1/2-1/2"]
[WhiteElo "2705"]
[BlackElo "2714"]
[Annotator "Krasenkow,M"]
[PlyCount "81"]
[EventDate "2007.11.24"]
[EventType "k.o."]
[EventRounds "7"]
[EventCountry "RUS"]
[SourceTitle "CBM 122"]
[Source "ChessBase"]
[SourceDate "2008.01.30"]
[SourceVersion "1"]
[SourceVersionDate "2008.01.30"]
[SourceQuality "1"]

1. d4 Nf6 2. c4 e6 3. Nc3 Bb4 4. Nf3 c5 5. g3 b6 6. Bg2 Bb7 7. O-O cxd4 8. Qxd4
O-O 9. Rd1 h6 $6 $146 {Once again Gata Kamski looks for his own ways. He
prevents Bg5 before playing ...Nc6. However, it doesn't pay off - White
develops his pieces and creates a strong pressure.} (9... Nc6 {is the main
theoretical move. White maintains a small edge:} 10. Qd3 (10. Qf4 Bxc3 11. bxc3
Qb8 12. Qh4 Ne7 13. Bg5 Ng6 14. Qd4 e5 $6 (14... Ne4 $11) 15. Qe3 (15. Nxe5
Nxe5 16. Bxb7 Qxb7 17. Qxe5 $14) 15... Ng4 16. Qc1 h6 17. h3 Nxf2 18. Kxf2 hxg5
19. Qxg5 Qc7 $15 {1/2-1/2 Renet,J-Adrian,C/Epinal 1986/EXT 1997 (40)}) (10. Qh4
Rc8 11. Bg5 Be7 12. Rac1 h6 13. Bd2 Na5 14. b3 d5 15. cxd5 Nxd5 16. Qd4 Bf6 17.
Ne5 Nc6 $11 {1-0 Meinsohn,F-Adrian,C/Epinal 1986/EXT 1997 (37)}) 10... Be7 (
10... Na5 11. b3 d5 12. cxd5 Rc8 13. Bb2 Nxd5 14. Nxd5 Qxd5 15. Qe3 Qe4 16.
Qxe4 Bxe4 17. Rd4 Bxf3 18. Bxf3 $14 {1/2-1/2 Grahn,L-Petersen,S/Copenhagen
2000/CBM 077 ext (69)}) 11. Bg5 (11. a3 Rc8 12. b4 a6 13. Bf4 h6 14. Rac1 Re8
15. h3 Ba8 16. h4 $14 {1-0 Hasanova,E-Van Ruitenburg,J/Hoogeveen 2005/EXT 2006
(31)}) 11... d6 12. Rac1 Ne8 13. Bxe7 Qxe7 14. Qe3 Nf6 15. Rd2 Rfd8 16. Rcd1
Na5 17. b3 Rac8 $14 {1-0 Miladinovic,I-Nikcevic,N/Pula 1990/TD (30)}) 10. b3
Nc6 11. Qd3 Qe7 12. Bb2 Ba3 13. Bxa3 Qxa3 14. Nb5 Qe7 15. Nd6 {[%csl Gd6]} Rab8
16. a3 Ba8 17. b4 Rfd8 18. b5 Na5 19. Ne5 Bxg2 20. Kxg2 Rf8 21. Qf3 Qd8 22. Rd4
(22. Ne4 Nxe4 23. Rxd7 Ng5 $1 24. Rxd8 Nxf3 25. Rxf8+ Rxf8 26. Kxf3 Rc8 {
[%cal Yf7f6]}) 22... Qc7 23. Rad1 Nb7 24. Nxb7 $6 {Missing} (24. Nexf7 $1 Nc5
$1 25. Ne5 Nd5 (25... Nfe4 26. Qe3 Rxf2+ 27. Kg1 $18) 26. Qh5 Qxd6 {[%cal
Rf8f5]} 27. Ng4 {[%cal Rg4h6]} Kh7 (27... Rf5 28. Qg6) 28. cxd5 Rf5 29. Qh4 Nb3
30. R4d3 Nc5 31. Rf3 $1 Rxd5 32. Nxh6 $1 $18) 24... Rxb7 (24... Qxe5 $5 25. Nd6
Ra8 {[%cal Ya7a6]}) 25. Rd6 Qc8 26. R1d4 Rc7 27. Qd3 Rd8 28. f3 a6 $6 {This
pawn sacrifice is hardly correct but passive defense was hopeless - White
could easily create a decisive kingside attack.} 29. a4 (29. Rxb6 $5 axb5 30.
Rxb5 Ra7 31. c5) 29... axb5 30. axb5 Rb7 31. g4 $6 {Overlooking Black's
unexpected counterplay.} (31. f4 Qc5 32. Rc6 $1 Qe7 33. Rcd6 $16 Nd5 $140 $2
34. Qa3 Nf6 35. Nc6) 31... Qc5 {[%cal Rf6d5]} 32. Nxd7 $6 {White decides to
force a draw. It was still possible to play on sacrificing an exchange:} (32.
f4 $1 Nd5 33. R4xd5 exd5 34. Rxd5 $44) 32... Rbxd7 33. Rxd7 Rxd7 34. Rxd7 Nxd7
35. Qxd7 Qxc4 36. Kf2 Qc5+ 37. e3 Qc2+ 38. Kg3 Qc5 39. Kf2 Qc2+ 40. Kg3 Qc5 41.
Kf2 {A disappointing game for the former World Champion!} 1/2-1/2

[Event "World Cup"]
[Site "Khanty-Mansiysk"]
[Date "2007.12.07"]
[Round "5.2"]
[White "Kamsky, Gata"]
[Black "Ponomariov, Ruslan"]
[Result "1-0"]
[WhiteElo "2724"]
[BlackElo "2705"]
[Annotator "Ftacnik,L"]
[PlyCount "89"]
[EventDate "2007.11.24"]
[EventType "k.o."]
[EventRounds "7"]
[EventCountry "RUS"]
[SourceTitle "CBM 122"]
[Source "ChessBase"]
[SourceDate "2008.01.30"]
[SourceVersion "1"]
[SourceVersionDate "2008.01.30"]
[SourceQuality "1"]

1. e4 c5 2. Nf3 d6 3. d4 cxd4 4. Nxd4 Nf6 5. Nc3 a6 6. Bg5 e6 7. f4 Qb6 8. Qd2
Nc6 9. Bxf6 gxf6 10. Nb3 Bd7 11. O-O-O O-O-O 12. Be2 h5 13. Rhf1 Be7 14. Rf3
Rdg8 15. Bf1 Kb8 16. Kb1 h4 17. Qe1 Rg4 {The positional treatment of the sharp
Najdorf variation with 6.Bg5 has lent it the features typical of a Richter
Rauser. Ponomariov has to play carefully in search for compensation for his
damaged central pawn structure.} 18. a3 Qc7 19. Ne2 (19. Qf2 Na5 20. Nxa5 Qxa5
$11) 19... Rh5 20. h3 Rg8 21. f5 $1 {In order to make any progress Kamsky had
to play f5 at a suitable moment.} Rhh8 (21... exf5 22. Nf4 fxe4 23. Qxe4 Re5
24. Qh7 Rgg5 25. Qxh4 Be6 26. Rc3 $14) (21... Qd8 22. Nf4 Rhh8 23. Rc3 Rg5 24.
Qf2 $14) 22. Nf4 Bf8 $6 {This academic retreat is not addressing the most
pressing needs of the position, the bishop will not land on h6 anyway.} (22...
Rg5 23. fxe6 fxe6 24. Rc3 Qd8 25. Nd2 $14) 23. Qf2 (23. Rc3 $1 Qd8 24. fxe6
fxe6 25. Qf2 Ne5 (25... Rg5 26. Bc4 Qe8 27. Nd2 $16) 26. Be2 Rg5 27. Nd4 $16)
23... Rg5 24. fxe6 fxe6 25. Rc3 Rh6 (25... Qd8 26. Nd2 Ne5 27. Nc4 $16) 26. Nd4
{[%mdl 32] Gradually White has managed to concentrate his forces against the
weak spots c6 and e6; the position is critical.} Re5 (26... Qc8 27. Bxa6 $1
bxa6 28. Nfxe6 Rg3 29. Nxc6+ Bxc6 30. Qb6+ Qb7 31. Rxc6 $18) 27. Nd3 $1 Rxe4 (
27... Ra5 28. Nb4 Ka8 29. Qe1 Rc5 30. Nbxc6 Rxc3 31. Qxc3 bxc6 32. Bxa6 $16)
28. Nb4 Rxd4 {To complete the symmetry Black was aching on a6 is well. The
exchange sacrifice reduces the pressure, but does not solve the problem.} (
28... Ka8 29. Bxa6 $1 Rxd4 (29... bxa6 30. Ndxc6 $18) 30. Rxd4 bxa6 31. Nxc6
Bxc6 32. Rdc4 $18) 29. Rxd4 Qa5 (29... Qb6 30. Nxa6+ $1 Kc8 31. Nb4 $18) 30.
Rxh4 f5 $6 {Ponomariov was left with only the task of trying to prolong the
resistance. The game move shortens the pain as it allows the amusing winning
combination.} (30... Rxh4 31. Qxh4 Be7 32. Qh7 Qd8 33. Rg3 $1 Ne5 34. Rg8 Be8
35. Be2 $18) 31. Rxh6 (31. Rxc6 $1 Bxc6 (31... Rxh4 32. Nxa6+ bxa6 33. Rxa6 $18
) (31... bxc6 32. Nxa6+ Kc8 33. Ra4 Qxa4 34. Qb6 $18) 32. Qd2 Kc7 33. Rxh6 Bxh6
34. Qxh6 $18) 31... Bxh6 32. Rb3 Nxb4 (32... Kc7 33. Qh4 Bg7 34. Nxc6 bxc6 35.
Qb4 $18) 33. Rxb4 Bc6 34. g4 {Kamsky was not paying attention to the hidden
tactical possibilities. He prefers to grind down his opponent with a
convincing technical performance.} (34. Qe1 Qe5 35. Qxe5 dxe5 36. Rh4 $18)
34... fxg4 (34... Qc5 35. Qxc5 dxc5 36. Rb3 Kc7 37. Be2 $16) 35. Rxg4 Qe5 36.
Rg8+ Kc7 37. Bd3 (37. Qh4 Bd5 38. Bxa6 bxa6 39. Qe7+ Kb6 40. Rb8+ $18) 37...
Be3 38. Qg3 Qc5 39. b4 $1 Qd4 (39... Qb6 40. Qh4 Bd7 41. Qd8+ Kc6 42. Be4+ d5
43. Bxd5+ exd5 44. Rg6+ $18) 40. Qg7+ {Effectively finishing the game, as
Black will have no way of stopping the running h-pawn.} Qxg7 41. Rxg7+ Kd8 42.
h4 e5 43. h5 e4 44. Be2 Bf4 45. Rg6 (45. Rg6 Be8 46. Re6 d5 47. h6 $18) 1-0

[Event "World Cup"]
[Site "Khanty-Mansiysk"]
[Date "2007.12.09"]
[Round "6.1"]
[White "Carlsen, Magnus"]
[Black "Kamsky, Gata"]
[Result "1/2-1/2"]
[WhiteElo "2714"]
[BlackElo "2714"]
[Annotator "Marin,M"]
[PlyCount "42"]
[EventDate "2007.11.24"]
[EventType "k.o."]
[EventRounds "7"]
[EventCountry "RUS"]
[SourceTitle "CBM 122"]
[Source "ChessBase"]
[SourceDate "2008.01.30"]
[SourceVersion "1"]
[SourceVersionDate "2008.01.30"]
[SourceQuality "1"]

1. e4 e5 2. Nf3 Nc6 3. d4 exd4 4. Nxd4 Bc5 5. Nxc6 bxc6 $5 {Not a very common
move.} (5... Qf6 {is almost authomatically played here, which is quite curious.
The move itself is not bad, as proven by years and decades of practice.
However, for the taste of certain players, it looks a bit like a premature
commitment, which makes one wonder why the move played by Kamsky has not been
taken too seriously before.}) 6. Bd3 {Just one of the possible moves here.} Qh4
{This is a more active way to attack the f2-pawn, leaving the f6-square
available for the knight at the same time.} 7. Qe2 {The most natural, but not
the only move tried here.} (7. O-O Nf6 8. Qd2 $6 {If we compare with the lines
starting with 5...Qf6, this move leads to a less favourable position for White.
} (8. h3 d6 {[%cal Gc8h3]} 9. Qf3 {looks more active.}) 8... O-O 9. Qf4 Qxf4
10. Bxf4 d6 11. Nd2 Nh5 12. Bg5 h6 13. Bh4 Nf4 14. Nb3 Nxd3 15. cxd3 Bb6 $15 {
Alatortsev,V-Lilienthal,A/Leningrad 1935/[ChessBase] (0-1, 65)}) (7. Qf3 {
places the queen on a slightly exposed square.} Nf6 8. Bf4 {This move allows
Black open the centre with all the comfort.} (8. Nc3 $5 {deserves being
investigated. The consequences of} Ng4 {are not entirely clear after} 9. g3 Ne5
10. Qxf7+ $1 Kxf7 11. gxh4 d5 $5 12. Be2 $1 {[%csl Gf3]}) 8... d5 $1 (8... O-O
9. Bg3 Qg5 10. Bf4 Qh4 11. Bg3 Qg5 12. Bf4 Qh4 {1/2-1/2 Ris,R (2395)-Winants,L
(2504)/Netherlands 2007/CBM 120 ext}) 9. Nd2 O-O 10. O-O Bb6 11. h3 Be6 $11 {
Mullon,J (2318)-Radulov,I (2359)/Clichy 2002/CBM 089 ext (0-1, 36)}) 7... Nf6
8. Be3 ({The attempt to harass the queen with the help of the pawns is rather
time consuming:} 8. h3 O-O 9. g3 Qh5 10. g4 (10. Qxh5 Nxh5 11. Nc3 {Godena,M 
(2558)-Volke,K (2490)/Dresden 2007/CBM 118 (1/2-1/2, 15)} d5 $5 12. exd5 Re8+
13. Kf1 cxd5 14. Nxd5 Bb7 15. c4 Nf6 16. Nxf6+ gxf6 17. Rh2 Rad8 $44) 10... Qh4
$6 (10... Qe5 $5 11. g5 Ne8 12. f4 Qe6 $132 {[%cal Gd7d5,Gf7f6] White's delay
in development prevents him from maintaining his advantage of space.}) 11. Nd2
Ne8 12. Nb3 Be7 13. Nd4 Bc5 14. Nf5 $14 {Motylev,A (2641)-Liang Chong (2531)/
Moscow 2001/CBM 086 (1-0, 53). White has almost completed his development and
stands actively.}) 8... Bxe3 9. Qxe3 O-O 10. Nd2 Re8 $1 (10... d6 {defines the
central structure too soon.} 11. Nf3 (11. h3 Ng4 12. Nf3 Qh5 13. Qd4 c5 14. Qc3
Re8 15. O-O Ne5 16. Nxe5 Qxe5 17. Qxe5 Rxe5 $11 {Van der Wiel,J (2570)-Winants,
L (2495)/Netherlands 1994/EXT 98 (1/2-1/2, 38)}) 11... Qh5 12. O-O Re8 13. Rfe1
Bg4 14. Nd2 Bd7 15. Qg3 Rab8 16. b3 c5 17. Nc4 $14 {Lecroq,M (2578)-Martin
Clemente,J (2569)/ICCF corr 2000/ICCF Telechess CBM 94 (1/2-1/2, 28). White
has an harmonious display of forces and the better structure.}) 11. O-O ({Now,
} 11. Nf3 Qh5 12. O-O {could be met by} d5 $1 $36 {without loss of time.})
11... d6 12. Rae1 $146 ({It is questionable whether this novelty,
concentrating the forces on the kingside in a mechanical way, is really better
than the previously played} 12. Rfe1 Ng4 (12... a5 $5 13. Nf3 Qh5 14. h3 {
[%cal Ga1d1] offers White a better version of the game.}) 13. Qg3 Qxg3 14. hxg3
Rb8 15. b3 Ne5 16. Be2 c5 17. f4 Nc6 18. c3 h6 19. Bf3 Bb7 20. Nc4 $14 {
Chytilek,R (2386)-Timoscenko,G (2513)/Czechia 2001/EXT 2003 (1/2-1/2, 48).
White has consolidated his advantage of space and retains the more flexible
pawn structure.}) 12... a5 {[%csl Ga2]} 13. Qg3 (13. Nf3 Qh5 {[%csl Gf1]
leaves the f1-rook misplaced now.}) 13... Qxg3 14. hxg3 {We have reached the
same structure as in Timoscenko's game, but Black has avoided the losses of
time cause by the knight's jumping around.} a4 $11 {Besdies, the pressure
exerted against the enemy queenside will soon allow him get rid of his main
structural weakness, the a-pawn and open the a-file for the rook.} 15. f3 Be6
16. b3 Nd7 17. Re3 axb3 18. axb3 Ne5 19. Be2 Ra2 20. Rc3 c5 21. b4 cxb4 (21...
cxb4 22. Rxc7 Rc8 23. Rxc8+ Bxc8 24. Rc1 Be6 $11 {[%cal Gg8f8,Gf8e7]}) 1/2-1/2

[Event "World Cup"]
[Site "Khanty-Mansiysk"]
[Date "2007.12.10"]
[Round "6.2"]
[White "Kamsky, Gata"]
[Black "Carlsen, Magnus"]
[Result "1-0"]
[WhiteElo "2714"]
[BlackElo "2714"]
[Annotator "CB"]
[PlyCount "85"]
[EventDate "2007.11.24"]
[EventType "k.o."]
[EventRounds "7"]
[EventCountry "RUS"]
[SourceTitle "CBM 122"]
[Source "ChessBase"]
[SourceDate "2008.01.30"]
[SourceVersion "1"]
[SourceVersionDate "2008.01.30"]
[SourceQuality "1"]

1. e4 e5 2. Nf3 Nf6 3. d4 Nxe4 4. Bd3 d5 5. dxe5 Be7 6. O-O Bg4 7. h3 Bh5 8.
Re1 Nc6 9. Nc3 $146 (9. Bf4 g5 10. Bh2 g4 11. hxg4 Bxg4 12. Nc3 Nxf2 13. Kxf2
Bc5+ 14. Kf1 Nd4 15. Be2 Nxf3 16. Bxf3 Qh4 17. Qe2 Qxh2 18. Qb5+ c6 19. Qxc5
Bxf3 20. gxf3 Rg8 21. Qf2 Qh3+ {0-1 Schmider,B-Kresovic,V/Germany 1992}) 9...
Bg6 10. Bd2 Nxd2 11. Qxd2 d4 12. Ne4 O-O 13. a3 Qd5 14. Qf4 Rfe8 15. Re2 Bf8
16. Ng3 Bxd3 17. cxd3 Re6 18. Nh5 $1 Rae8 19. Rae1 a5 {Black is ignoring the
threats on the kingside, but perhaps there was really nothing better he could
do.} 20. Qg4 Rg6 21. Nf4 Rxg4 22. Nxd5 Rg6 23. g4 {Carlsen is in time trouble,
Kamsky is playing difficult moves - here threatening to trap the black rook.} (
{After} 23. Nxc7 {White gets two pawns and probably a winning position.} Rc8 (
23... Re7 24. Nb5 Rd7 25. Re4 Rd5 26. Nbxd4 Nxd4 27. Nxd4 Bc5 28. Ne2) 24. Nb5
Rd8 25. Re4 Bc5 26. Rc1 Bb6 27. Rc4 Re6 28. Nfxd4 Nxd4 29. Nxd4 {and White is
two pawns up.}) 23... Rd8 $6 {Carlsen decides to give the exchange and try to
set up a fortress.} 24. Nf4 Rh6 25. g5 Re6 26. Nxe6 fxe6 27. Rc1 Rd5 28. Rc4
Bc5 29. h4 Bb6 30. Kg2 Ne7 31. h5 Rd8 32. Re4 Nf5 33. Nh4 Ne7 34. Kg3 g6 35.
Kg4 Rd5 36. hxg6 hxg6 37. a4 Kf7 38. Rc1 Rd8 39. Rh1 Kg7 40. Ng2 Nf5 41. Nf4
Re8 42. Ree1 c5 43. Rh3 1-0

[Event "World Cup"]
[Site "Khanty-Mansiysk"]
[Date "2007.12.14"]
[Round "7.2"]
[White "Kamsky, Gata"]
[Black "Shirov, Alexei"]
[Result "1-0"]
[WhiteElo "2714"]
[BlackElo "2739"]
[Annotator "Rogozenco,D"]
[PlyCount "73"]
[EventDate "2007.11.24"]
[EventType "k.o."]
[EventRounds "7"]
[EventCountry "RUS"]
[SourceTitle "CBM 122"]
[Source "ChessBase"]
[SourceDate "2008.01.30"]
[SourceVersion "1"]
[SourceVersionDate "2008.01.30"]
[SourceQuality "1"]

1. e4 c5 2. Nf3 Nc6 3. Nc3 {Although this move is White's second most popular
choice to avoid the Sveshnikov Siclian (only 3.Bb5 is played more often), 3.
Nc3 must have came as a surprise for Shirov, since Kamsky never played 3.Nc3
before. The American always continued 3.d4 in his previous games.} e5 4. Bc4
Be7 5. d3 d6 6. Nd2 {With the last move White prepares the maneuver Nd2-f1-e3,
heading for square d5. Typically in such cases, the knight's maneuver starts
before the short castle, in order to use square f1 (which after castle short
will be occupied by the rook). Generally in this type of positions White can
claim a small plus thanks to his slightly superious pawn structure, but
normally Black should be able to equalize.} Bg5 {Shirov remains true to his
preferences - he has used 6...Bg5 twice in the past. It's idea is to exchange
the dark-squared bishops, which in this pawn formation favours Black. The
alternative is 6...Nf6.} 7. Qh5 $5 {Kamsky demonstrates once again his deep
preparation for the World Cup. The idea of the rare 7.Qh5, which threatens
mate in one, is that in order to protect f7 Black must make positional
concessions.} ({The main move is} 7. h4 {but Shirov faced it before and didn't
experience major problems:} Bxd2+ 8. Bxd2 Nf6 9. Bg5 (9. O-O Be6 10. Nd5 O-O
11. Bg5 Bxd5 12. Bxd5 h6 13. Bxf6 Qxf6 {Svidler,P (2735)-Shirov,A (2713)/Monte
Carlo (rapid) 2005}) 9... Be6 10. Nd5 Bxd5 11. Bxd5 h6 12. Bxf6 Qxf6 13. Qd2
Ne7 14. Bc4 O-O 15. Kf1 Rad8 16. Re1 d5 17. exd5 Nxd5 {Ponomariov,R (2727)
-Shirov,A (2715)/Linares 2002. Both these games ended with a draw.}) 7... Nh6 {
A natural reaction: Shirov develops a piece and creates a counter-threat: 8...
Bg4. On the other hand this knight on the edge will be the main cause of
Shirov's problems later on.} ({The other defense also had its drawbacks. After
} 7... g6 {White retreats the queen either to f3 or even back to d1 and Black
won't be so happy anymore with the previous plan to exchange the dark-squared
bishops, since there is a high probability that the weaknesses on f6 and h6
created by the move 7...g6 will play a negative role for Black in the future.})
8. h3 Nd4 {The pawn c2 is under attack, but...} 9. O-O $146 {With this new
move Kamsky is ready to sacrifice the c2-pawn in order to complete development
quickly.} ({The only available game continued} 9. Bb5+ Kf8 10. Qd1 f5 11. Bc4
g6 12. exf5 Nhxf5 13. Nde4 Bxc1 14. Qxc1 Kg7 {with an approximately equal
position, Svidler,P (2690)-Smirin,I (2676)/Moscow 2002.}) 9... O-O ({The most
principled continuation is} 9... Nxc2 10. Nf3 Bxc1 (10... Nxa1 $2 11. Bxg5 $18)
11. Raxc1 Nd4 {although after} 12. Nxd4 exd4 13. Nd5 {(or first 13.Bb5+) White
has compensation thanks to Black's poor knight on h6 and the active
possibility f2-f4.  Playing such variations knowing that the opponent analyzed
them at home is extremely risky.}) 10. Nb3 Bxc1 11. Raxc1 Ne6 12. Ne2 Qf6 13.
Nd2 {The knight had no perspectives on b3 and Kamsky improves its position.
Now Black must do something about his knight on h6, otherwise White will
slowly prepare either the advance d3-d4 (with the previous c2-c3), or f2-f4.}
Kh8 $5 {This might seem like either preparing ...Nh6-g8, or at some point ...
f7-f5. But Shirov had other idea in mind.} 14. c3 g5 $5 {Black simply starts
an attack on the g-file. A very unexpected, but quite interesting and good
plan from Shirov.} 15. d4 {Kamsky follows the classical rule to meet a side
attack by opening the center.} Rg8 ({Both captures on d4 leave Black with lots
of weaknesses:} 15... cxd4 16. cxd4 exd4 17. Nf3) ({Or} 15... exd4 16. cxd4 (
16. Nf3 $5 dxc3 17. Rxc3 $44) 16... Nxd4 17. Nxd4 cxd4 (17... Qxd4 $2 18. Qxh6
$18) 18. Nb3 g4 19. h4) 16. dxe5 dxe5 17. Nf3 Rg6 {Creating the threat to
catch the white queen with 18...Ng7 (which was bad at once due to the
vulnerability of pawn g5).} (17... g4 18. hxg4 Nxg4 19. Ng3 $14) 18. h4 $1 Qg7
(18... g4 $2 19. Nxe5 $18) (18... Ng7 $2 19. hxg5 Nxh5 20. gxf6 $16 {[%csl Re5]
}) 19. Bxe6 Bxe6 20. hxg5 {The extremely intense battle already costed both
players a lot of time. In the upcoming concrete play they will have to rely
mostly on their intuition.} f6 $1 21. gxf6 ({White can't take the knight. After
} 21. gxh6 $2 Rxh6 {the queen is trapped on h5.}) 21... Rxg2+ 22. Kh1 {
Shirov's inventive play led to a very wild position, which, curiously enough,
is approximately equal. But the time factor and the tension start to play
their role.} Qxf6 ({Stronger is} 22... Qg4 $1 23. Qxg4 (23. Qxh6 $2 Qxf3 $19)
23... Rxg4 24. Ng3 (24. Nxe5 $2 Rxe4 $19) 24... Nf7 25. Kg2 ({or} 25. Rcd1 Rf4)
25... Rg6 $11) 23. Qxe5 Qxe5 24. Nxe5 Rg5 25. f4 Rh5+ 26. Kg1 {Although it
looks like Black still has an attack, in fact his situation is quite dangerous:
White's connected passed pawns are very powerful. Possibly with a very
energetic play Black is still able to keep some dynamic balance, but from the
practical point of view Kamsky's task was easier: his next few moves are more
or less forced, while Black must always create some threats, otherwise White's
central pawns will decide the outcome.} Rg8+ 27. Kf2 Rh2+ 28. Ke3 Rgg2 {
Now or at the next move Black had to exchange the knights, although White
keeps preferable chances anyway.} (28... Ng4+ 29. Nxg4 Bxg4 30. Ng1 Rxb2 $14)
29. Ng1 Rxb2 (29... Ng4+ $142 $14) 30. f5 $1 Bxa2 31. Rcd1 {Black is in
troubles. It turns out that his own king lucks space and defenders, while the
pieces are not coordinated.} Rbc2 $2 (31... Nf7 32. Nxf7+ Bxf7 33. Nf3 $16) 32.
Rd8+ Ng8 33. Ngf3 Rxc3+ 34. Kf4 Rh6 35. Rg1 {Black is lost. White pieces are
much more active and Kamsky easily builds the decisive attack.} Rf6 36. Ng5 $1
h6 37. Ngf7+ $1 {White wins by force and therefore Shirov resigned.} (37. Ngf7+
Bxf7 38. Nxf7+ Rxf7 39. Rgxg8+ Kh7 40. Rh8+ Kg7 41. Rdg8+ Kf6 42. e5+ Ke7 43.
Re8+ Kd7 44. e6+) 1-0

[Event "World Cup"]
[Site "Khanty-Mansiysk"]
[Date "2007.12.15"]
[Round "7.3"]
[White "Shirov, Alexei"]
[Black "Kamsky, Gata"]
[Result "1/2-1/2"]
[WhiteElo "2739"]
[BlackElo "2724"]
[PlyCount "82"]
[EventDate "2007.11.24"]
[EventType "k.o."]
[EventRounds "7"]
[EventCountry "RUS"]
[SourceTitle "CBM 122"]
[Source "ChessBase"]
[SourceDate "2008.01.30"]
[SourceVersion "1"]
[SourceVersionDate "2008.01.30"]
[SourceQuality "1"]

1. e4 e5 2. Nf3 Nc6 3. Bb5 a6 4. Ba4 Nf6 5. O-O Be7 6. Re1 b5 7. Bb3 d6 8. c3
O-O 9. d4 Bg4 10. Be3 exd4 11. cxd4 Na5 12. Bc2 c5 13. Nc3 cxd4 14. Bxd4 Nc6
15. Bb3 Rc8 16. Re3 Nd7 17. Nd5 Bg5 18. Rc3 b4 19. Rc4 Bxf3 20. gxf3 Nxd4 21.
Rxd4 a5 22. f4 Bh6 23. Qg4 Rc5 24. Ne3 Nf6 25. Qf3 Qa8 26. Rad1 g6 27. Nc4 a4
28. Nb6 Qc6 29. Nxa4 Rc1 30. Rxb4 Rxd1+ 31. Bxd1 Qc1 32. e5 dxe5 33. fxe5 Qg5+
34. Kf1 Qxe5 35. h3 Bd2 36. Rc4 Rd8 37. Bb3 Kg7 38. Kg2 Qg5+ 39. Qg3 Qd5+ 40.
Qf3 Qg5+ 41. Qg3 Qd5+ 1/2-1/2